Na každom kroku Rubens 400. výročie narodenia slávneho maliara

Bibliographic Details
Main Author: Laco, Peter, 1975- (Author)
Format: Article
Language:Slovak
PhysicalDescription:Obr. 3.
Subjects:

MARC

LEADER 00000nab a2200000 a 4500
001 vtls000311520
003 SK-MaSNL
005 20260303210209.0
008 111201c1977 xo 0 slo
015 |a SNBRB19rr/mm-uuuuu 
035 |a CL0001612 
040 |a SNKBUCL  |b slo  |c SNKBUCL  |e AACR2 
041 0 |a slo 
044 |a xo  |c SK 
080 |a 75  |2 1981 
080 |a 92 Rubens, Peter Paul  |2 1981 
100 1 |a Laco, Peter,  |d 1975-  |4 aut  |9 168715 
245 1 0 |a Na každom kroku Rubens  |b 400. výročie narodenia slávneho maliara  |c Peter Laco 
300 |b Obr. 3. 
600 1 7 |a Rubens, Peter Paul,  |d 1577-1640  |2 snkbucl  |9 235809 
655 7 |a články z novín a časopisov  |2 snkbucl  |9 267496 
773 0 |t Život  |g Roč. 27, č. 52 (22. 12. 1977), s. 30-31 
850 |a Slovenská národná knižnica v Martine  |a MTA001 
852 |a SNK  |b KIS3GCP 
958 |a RK 
992 |a RBX 
999 |c 2199213  |d 2201143